[Event "Capablanca mem-A"]
[Site "Cienfuegos"]
[Date "1985.??.??"]
[Round "9"]
[White "Rodriguez, Amador"]
[Black "Granda Zuniga, Julio E"]
[Result "1-0"]
[WhiteElo "2505"]
[BlackElo "2440"]

1.d4 d5 2.c4 c6 3.Nf3 Nf6 4.Nc3 dxc4 5.a4 Bf5 6.Ne5 e6 7.f3 Bb4 8.Nxc4 Na6
9.Bg5 h6 10.Bh4 O-O 11.e4 Bh7 12.Be2 c5 13.dxc5 Qxd1+ 14.Kxd1 Rfd8+ 15.Kc2 Bxc5
16.Na5 Nb4+ 17.Kb3 Nc6 18.Nxc6 bxc6 19.Rhd1 Rab8+ 20.Ka2 Bd4 21.Rac1 Rb4
22.b3 Rbb8 23.Be1 Nh5 24.Ba6 Nf4 25.Ne2 Nxe2 26.Bxe2 c5 27.Ba5 Rf8 28.Bc7 Rb4
29.Bd6 Rc8 30.Ba6 Rb6 31.Bxc8 Rxd6 32.Bb7 g5 33.a5 Kg7 34.Rc4 Be5 35.Rxd6 Bxd6
36.g3 Kf6 37.Ka3 Ke5 38.Ka4  1-0

[Event "Capablanca mem-A"]
[Site "Cienfuegos"]
[Date "1985.??.??"]
[Round "10"]
[White "Granda Zuniga, Julio E"]
[Black "Garcia Martinez, Silvino"]
[Result "1/2-1/2"]
[WhiteElo "2440"]
[BlackElo "2430"]

1.e4 c6 2.d4 d5 3.Nd2 dxe4 4.Nxe4 Bf5 5.Ng3 Bg6 6.Nf3 Nd7 7.h4 h6 8.h5 Bh7
9.Bd3 Bxd3 10.Qxd3 Ngf6 11.Bd2 e6  1/2-1/2

[Event "Capablanca mem-A"]
[Site "Cienfuegos"]
[Date "1986.??.??"]
[Round "2"]
[White "Granda Zuniga, Julio E"]
[Black "Vladimirov, Evgeny"]
[Result "1-0"]
[WhiteElo "2420"]
[BlackElo "2490"]

1.d4 d5 2.Nf3 c5 3.dxc5 e6 4.e4 Bxc5 5.exd5 exd5 6.Bd3 Nf6 7.O-O O-O 8.Bg5 Bg4
9.Nc3 Nc6 10.Bxf6 Qxf6 11.Nxd5 Qxb2 12.Rb1 Qxa2 13.Ra1 Qb2 14.Rb1 Qa3 15.Ra1 Bxf3
16.Qxf3 Qb2 17.c3 Qd2 18.Qh3 h6 19.Qf5 g6 20.Nf6+ Kh8 21.Qh3 Ne5 22.Ne4 Qf4
23.Nxc5 h5 24.Rfd1 Rad8 25.Bf1 Rd2 26.Nd3 Rxd1 27.Rxd1 Qa4 28.Re1 Ng4 29.Qg3  1-0

[Event "Capablanca mem-A"]
[Site "Cienfuegos"]
[Date "1986.??.??"]
[Round "3"]
[White "Garcia Palermo, Carlos"]
[Black "Granda Zuniga, Julio E"]
[Result "1-0"]
[WhiteElo "2550"]
[BlackElo "2420"]

1.d4 Nf6 2.c4 d6 3.Nc3 Nbd7 4.Nf3 e5 5.g3 Be7 6.Bg2 O-O 7.O-O c6 8.Qc2 Re8
9.Rd1 Qc7 10.b3 Bf8 11.e3 e4 12.Ne1 d5 13.cxd5 cxd5 14.Nxe4 Qxc2 15.Nxf6+ Nxf6
16.Nxc2 Bf5 17.Ne1 Rac8 18.Bb2 a5 19.Bf1 Re6 20.Rac1 Rec6 21.Rxc6 Rxc6 22.f3 g5
23.g4 Bg6 24.Bb5 Rc8 25.a3 h5 26.h3 hxg4 27.hxg4 Bd6 28.Rc1 Rd8 29.Nd3 Bxd3
30.Bxd3 Kg7 31.Kg2 Re8 32.Re1 b6 33.Bf5 Bb8 34.Bc3 Bd6 35.a4 Re7 36.Bd2 Bb4
37.Bxb4 axb4 38.Re2 Rc7 39.Rc2 Rc3 40.Rxc3 bxc3 41.Bc2 Ne8 42.Kf2 Nd6 43.Ke2 b5
44.axb5 Nxb5 45.Kd3 f5 46.gxf5  1-0

[Event "Capablanca mem-A"]
[Site "Cienfuegos"]
[Date "1986.??.??"]
[Round "8"]
[White "Granda Zuniga, Julio E"]
[Black "Eingorn, Vereslav S"]
[Result "1/2-1/2"]
[WhiteElo "2420"]
[BlackElo "2560"]

1.Nf3 Nf6 2.g3 b6 3.Bg2 Bb7 4.O-O g6 5.d4 c5 6.c3 Bg7 7.Re1 O-O 8.Nbd2 d5
9.Ne5 e6 10.Nb3 Nfd7 11.Nxd7 Nxd7 12.Be3 Rc8 13.Qd2 cxd4 14.Bxd4 Ne5 15.Bxe5 Bxe5
16.e4 dxe4 17.Bxe4 Bxe4 18.Rxe4 Qxd2 19.Nxd2 Bg7 20.Rd1 Rfd8 21.Ree1 Kf8
22.Nf3 Ke7 23.Kf1 Rxd1 24.Rxd1 Rc4 25.Ke2 b5 26.a3 a6 27.Nd2 Rc6 28.Nb3 Be5
29.f4 Bc7 30.Nd4 Rd6 31.Nf3 Rxd1 32.Kxd1 f6 33.Kc2 Kd6 34.Kd3 Kd5 35.Nd2 e5
36.fxe5 Kxe5 37.c4 bxc4+ 38.Nxc4+ Kf5 39.Ne3+ Ke5 40.b4 f5 41.a4 g5 42.b5 axb5
43.axb5 f4 44.gxf4+ gxf4 45.b6  1/2-1/2

[Event "Capablanca mem-A"]
[Site "Cienfuegos"]
[Date "1986.??.??"]
[Round "12"]
[White "Ivkov, Borislav"]
[Black "Granda Zuniga, Julio E"]
[Result "1/2-1/2"]
[WhiteElo "2525"]
[BlackElo "2420"]

1.d4 Nf6 2.c4 e6 3.Nf3 Bb4+ 4.Bd2 Qe7 5.g3 O-O 6.Bg2 Bxd2+ 7.Qxd2 d6 8.Nc3 e5
9.O-O Re8 10.e4 Bg4 11.d5 Bxf3 12.Bxf3  1/2-1/2

[Event "Capablanca mem-A"]
[Site "Cienfuegos"]
[Date "1986.??.??"]
[Round "13"]
[White "Granda Zuniga, Julio E"]
[Black "Armas, Jorge"]
[Result "1-0"]
[WhiteElo "2420"]
[BlackElo "2345"]

1.d4 d5 2.Nf3 Nf6 3.g3 e6 4.Bg2 Be7 5.O-O O-O 6.c4 dxc4 7.Qa4 a6 8.Qxc4 b5
9.Qc2 Bb7 10.Nbd2 Nbd7 11.Re1 Qc8 12.b3 c5 13.Ba3 b4 14.Bb2 cxd4 15.Nc4 e5
16.Nfxe5 Bxg2 17.Nxd7 Qxd7 18.Kxg2 Qd5+ 19.e4 d3 20.exd5 dxc2 21.Re2 a5 22.d6 Bd8
23.Rxc2 Re8 24.Ne3 Re6 25.Rd1 Nd7 26.Rc6 Kf8 27.Nd5 Re2 28.Bd4 f6 29.Rdc1 Ne5
30.R6c5 Nf7 31.Nf4 Re4 32.Rd5 Ra6 33.f3 Rxd4 34.Ne6+ Ke8 35.d7+ Ke7 36.Nxd4 Nd6
37.Rc6 Rxc6 38.Nxc6+  1-0

[Event "Wch U20"]
[Site "Gausdal"]
[Date "1986.??.??"]
[Round "3"]
[White "Granda Zuniga, Julio E"]
[Black "Barua, Dibyendu"]
[Result "1-0"]
[WhiteElo "2475"]
[BlackElo "2400"]

1.d4 d5 2.Nf3 Nf6 3.g3 g6 4.Bg2 Bg7 5.O-O O-O 6.c4 dxc4 7.Na3 c5 8.dxc5 Qa5
9.Qd4 Nc6 10.Qxc4 Be6 11.Qb5 Qxb5 12.Nxb5 Bc4 13.Nc3 Nd7 14.Nd2 Ba6 15.Nde4 h6
16.Rd1 Rad8 17.Be3 f5 18.Nd2 e5 19.Nb3 f4 20.Bc1 fxg3 21.hxg3 Nd4 22.Rd2 Kh7
23.Rb1 Nf6 24.e3 Nxb3 25.axb3 Ng4 26.Rxd8 Rxd8 27.e4 Bf8 28.b4 Bc4 29.Nd5 a5
30.Bh3 Bxd5 31.exd5 Nf6 32.d6 axb4 33.Ra1 b6 34.c6 Bxd6 35.Ra7+ Kh8 36.c7 Bxc7
37.Rxc7 Rd1+ 38.Kg2 Ne4 39.Rc6 b3 40.Bxh6  1-0

[Event "Wch U20"]
[Site "Gausdal"]
[Date "1986.??.??"]
[Round "6"]
[White "Godena, Michele"]
[Black "Granda Zuniga, Julio E"]
[Result "0-1"]
[WhiteElo "2360"]
[BlackElo "2475"]

1.e4 e6 2.d4 d5 3.Nc3 Bb4 4.e5 Ne7 5.Bd2 Nf5 6.Nf3 Nc6 7.Ne2 Be7 8.c3 O-O
9.Nf4 f6 10.Bd3 fxe5 11.Nxe5 Nxe5 12.dxe5 c5 13.Qe2 Qb6 14.b3 Bd7 15.c4 dxc4
16.bxc4 Rad8 17.O-O Be8 18.Be4 Bc6 19.Rab1 Qa6 20.Bxc6 Qxc6 21.Be3 Bg5 22.Nd5 Bxe3
23.Nxe3 Nd4 24.Qh5 Rf4 25.Rbd1 Rdf8 26.Rd2 Qe4 27.Re1 Rh4 28.Qg5 h6 29.Qe7 Qf4
30.h3 Rxh3 31.Rxd4  0-1

[Event "Wch U20"]
[Site "Gausdal"]
[Date "1986.??.??"]
[Round "7"]
[White "Granda Zuniga, Julio E"]
[Black "Bareev, Evgeny"]
[Result "1/2-1/2"]
[WhiteElo "2475"]
[BlackElo "2470"]

1.Nf3 Nf6 2.g3 d5 3.Bg2 c6 4.O-O Bg4 5.Ne5 Bh5 6.d4 e6 7.c4 Nbd7 8.Nc3 Nxe5
9.dxe5 Nd7 10.cxd5 cxd5 11.h3 g5 12.g4 Bg6 13.e4 d4 14.Qxd4 Bg7 15.Rd1 h6
16.f4 gxf4 17.Bxf4 Qb6 18.Qxb6 axb6 19.Nb5 Ke7 20.Rd6 Rhd8 21.Rf1 Rxa2 22.Bg3 Nxe5
23.Bh4+ f6 24.Rxb6 Rxb2 25.Rxb7+ Rd7 26.Rxd7+ Nxd7 27.Nd4 Rd2 28.Bf2 h5  1/2-1/2

[Event "Wch U20"]
[Site "Gausdal"]
[Date "1986.??.??"]
[Round "10"]
[White "Klinger, Josef"]
[Black "Granda Zuniga, Julio E"]
[Result "1-0"]
[WhiteElo "2430"]
[BlackElo "2475"]

1.e4 e5 2.Nf3 Nc6 3.Bb5 g6 4.d4 exd4 5.Bg5 f6 6.Bh4 Bb4+ 7.c3 dxc3 8.Nxc3 d6
9.Qb3 Bd7 10.O-O-O Bxc3 11.Qxc3 Qe7 12.e5 Nxe5 13.Nxe5 Bxb5 14.Ng4 O-O-O
15.Nxf6 Bc6 16.Qh3+ Bd7 17.Nxg8 Qf7 18.Ne7+ Kb8 19.Qg3 Qxa2 20.Qc3 Ba4 21.Rde1 Rhf8
22.Kd2 d5 23.Bg3 Rd7 24.Qb4 Rfd8 25.Ra1 Qc4 26.Rxa4 Qxb4+ 27.Rxb4 Rxe7 28.Bh4  1-0

[Event "Wch U20"]
[Site "Gausdal"]
[Date "1986.??.??"]
[Round "11"]
[White "Granda Zuniga, Julio E"]
[Black "Agdestein, Simen"]
[Result "0-1"]
[WhiteElo "2475"]
[BlackElo "2545"]

1.Nf3 Nf6 2.g3 d5 3.Bg2 c6 4.O-O Bf5 5.d3 e6 6.b3 Bc5 7.Bb2 O-O 8.Nbd2 h6
9.Qe1 Bh7 10.e4 a5 11.a3 b5 12.e5 Nfd7 13.Nd4 Qb6 14.Qe3 Be7 15.f4 c5 16.Ne2 a4
17.Kh1 Nc6 18.g4 axb3 19.cxb3 b4 20.a4 Qa6 21.f5 Bg5 22.Nf4 Rae8 23.d4 cxd4
24.Bxd4 exf5 25.Bxd5 Ndxe5 26.Rae1 Rd8 27.Bxe5 Rxd5 28.Ba1 fxg4 29.Ne4 Bxf4
30.Rxf4 Ne5 31.Qg1 Bg6 32.Qg2 Nd3 33.Nf6+ gxf6 34.Rxf6 Rd6 35.Ref1 Rxf6 36.Rxf6 Qxf6  0-1

[Event "Wch U20"]
[Site "Gausdal"]
[Date "1986.??.??"]
[Round "12"]
[White "Arencibia, Walter"]
[Black "Granda Zuniga, Julio E"]
[Result "1-0"]
[WhiteElo "2335"]
[BlackElo "2475"]

1.d4 Nf6 2.c4 d6 3.Nc3 Nbd7 4.Nf3 e5 5.Bg5 Be7 6.e3 O-O 7.Be2 c6 8.O-O Qc7
9.h3 Re8 10.Rc1 a6 11.b4 Bf8 12.Bh4 Qb6 13.Rb1 Qa7 14.Bg3 exd4 15.exd4 d5
16.c5 Ne4 17.Nxe4 dxe4 18.Ng5 h6 19.Nxf7 Kxf7 20.Qb3+ Re6 21.f4 Ke7 22.f5 Rf6
23.Rf4 Nb6 24.Rxe4+ Kd8 25.cxb6 Qxb6 26.Qe3  1-0

[Event "Havana-A"]
[Site "Havana"]
[Date "1986.??.??"]
[Round "?"]
[White "Granda Zuniga, Julio E"]
[Black "Armas, Jorge"]
[Result "1-0"]
[WhiteElo "2420"]
[BlackElo "2345"]

1.d4 c5 2.dxc5 e6 3.Nc3 Nf6 4.e4 Qa5 5.Bd3 Bxc5 6.Nf3 b5 7.Bf4 a6 8.O-O b4
9.Nb1 d5 10.Nbd2 Bb7 11.Nb3 Qb6 12.Nxc5 Qxc5 13.e5 Ne4 14.a3 Nc6 15.Qe2 bxa3
16.Rxa3 Nb4 17.Be3 Qe7 18.Ne1 Nc5 19.Bxc5 Qxc5 20.c3 Nxd3 21.Nxd3 Qb6 22.Qe3 Qxe3
23.fxe3 Ke7 24.Rfa1 Rhb8 25.b4 Bc8 26.Ra5 Ra7 27.b5 Rc7 28.bxa6 Rxc3 29.a7 Ra8
30.Rb5 Bd7 31.Rb8 Rc8 32.Rb7 Kd8 33.Ra6 Rc7 34.Rb8+ Rc8 35.Nc5 Ke7 36.Rb7 Rxc5
37.Rd6  1-0

[Event "Havana-A"]
[Site "Havana"]
[Date "1986.??.??"]
[Round "?"]
[White "Granda Zuniga, Julio E"]
[Black "Rodriguez, Amador"]
[Result "0-1"]
[WhiteElo "2420"]
[BlackElo "2505"]

1.d4 Nf6 2.c4 e6 3.Nf3 b6 4.Bg5 Bb7 5.Nc3 Bb4 6.e3 h6 7.Bh4 g5 8.Bg3 Ne4
9.Rc1 Bxc3+ 10.bxc3 d6 11.Bd3 Nd7 12.d5 exd5 13.cxd5 Nxg3 14.hxg3 Bxd5 15.Bf5 Bxf3
16.gxf3 Qe7 17.g4 Kd8 18.Qd5 Rb8 19.Kf1 Nf6 20.Qc6 Qe5 21.Rd1 Qc5 22.Qxc5 bxc5
23.f4 Ke7 24.Kg2 Nd7 25.Kf3 Nb6 26.Rh5 gxf4 27.exf4 Kf6 28.Be4 Kg7 29.Bc6 Rbd8
30.Re1 d5 31.Re7 d4 32.cxd4 cxd4 33.Ke2 d3+ 34.Kd1 Rd6 35.Rc5 Rd4 36.Rf5 Rf8
37.Be8 Nd5 38.Rfxf7+ Rxf7 39.Rxf7+ Kg8 40.Kd2 c5 41.Rd7 Kf8 42.Bf7 Nxf4 43.Rxa7 c4
44.Bxc4 Rxc4 45.Rh7 Re4 46.Rxh6 Re2+ 47.Kd1 Nd5  0-1

[Event "Havana-A"]
[Site "Havana"]
[Date "1986.??.??"]
[Round "?"]
[White "Milos, Gilberto"]
[Black "Granda Zuniga, Julio E"]
[Result "1-0"]
[WhiteElo "2430"]
[BlackElo "2420"]

1.Nf3 Nf6 2.g3 d5 3.Bg2 c5 4.O-O Nc6 5.d4 Bg4 6.Ne5 cxd4 7.Nxg4 Nxg4 8.e3 Nf6
9.exd4 e6 10.c3 Be7 11.Qd3 O-O 12.Be3 a6 13.Nd2 b5 14.Rfe1 Na5 15.b3 Qc7
16.a4 Rfc8 17.Rec1 bxa4 18.Rxa4 Qb6 19.Qb1 Nc6 20.h3 a5 21.Qd3 Rcb8 22.f4 Nd7
23.Raa1 f5 24.g4 g6 25.g5 Qc7 26.Qe2 Nb6 27.c4 Qd7 28.Nf3 Rd8 29.Rd1 Qc8
30.h4 Nd7 31.cxd5 exd5 32.Rac1 Qb7 33.Bf2 Kf8 34.h5 Nb4 35.hxg6 hxg6 36.Re1 Re8
37.Qe6 Kg7 38.Nh4 Nf8 39.Qe5+ Kg8 40.Rc7 Bf6 41.Rxb7  1-0

[Event "Havana-A"]
[Site "Havana"]
[Date "1986.??.??"]
[Round "?"]
[White "Pecorelli Garcia, Humberto"]
[Black "Granda Zuniga, Julio E"]
[Result "0-1"]
[WhiteElo "2420"]
[BlackElo "2420"]

1.e4 c5 2.Nf3 Nc6 3.d4 cxd4 4.Nxd4 Nf6 5.Nc3 d6 6.Bc4 e6 7.Be3 Be7 8.Qe2 a6
9.O-O-O Qc7 10.Bb3 b5 11.Nxc6 Qxc6 12.f3 O-O 13.g4 Nd7 14.g5 Nc5 15.h4 Bd7
16.g6 Nxb3+ 17.axb3 fxg6 18.Rdg1 Be8 19.Qg2 Bf6 20.Ne2 Rc8 21.c3 b4 22.c4 d5
23.Kb1 dxc4 24.Nd4  0-1

[Event "Havana-A"]
[Site "Havana"]
[Date "1986.??.??"]
[Round "?"]
[White "Utasi, Tamas"]
[Black "Granda Zuniga, Julio E"]
[Result "0-1"]
[WhiteElo "2440"]
[BlackElo "2420"]

1.d4 d5 2.c4 c6 3.Nf3 Nf6 4.e3 Bf5 5.Nc3 e6 6.Bd3 dxc4 7.Bxc4 Be7 8.O-O O-O
9.Qe2 Nbd7 10.Ne5 Nxe5 11.dxe5 Ne4 12.Nxe4 Bxe4 13.Qg4 Bf5 14.Qf3 Qa5 15.e4 Bg6
16.Bf4 Rad8 17.Rfd1 Rxd1+ 18.Rxd1 b5 19.Bb3 Qb4 20.Be3 Bxe4 21.Qe2 Bd5 22.Rd4 Qa5
23.Bd2 Qb6 24.Rg4 Rd8 25.Bc2 Bc4 26.Qe1 Bd3 27.Bb3 Rd7 28.h4 c5 29.Bd1 Bf5
30.Rf4 Qd8  0-1

[Event "New York op"]
[Site "New York"]
[Date "1987.??.??"]
[Round "?"]
[White "Granda Zuniga, Julio E"]
[Black "Taylor, Timothy"]
[Result "1-0"]
[WhiteElo "2555"]
[BlackElo "2455"]

1.d4 Nf6 2.Nf3 g6 3.c4 Bg7 4.Nc3 O-O 5.e4 d6 6.Be2 Bg4 7.Be3 Nc6 8.d5 Bxf3
9.gxf3 Ne5 10.f4 Ned7 11.h4 c6 12.h5 cxd5 13.hxg6 fxg6 14.cxd5 Qa5 15.Bd2 Qb4
16.Qc2 Nc5 17.a3 Qb3 18.Qxb3 Nxb3 19.Rd1 Nxd2 20.Kxd2 Nd7 21.Ke3 Nb6 22.Rc1 Rac8
23.Bg4 Rc5 24.Be6+ Kh8 25.f5 Nc4+ 26.Ke2 Nxb2 27.fxg6 h6 28.Na2 Nc4 29.Rh3 Rf6
30.Nb4 Ne5 31.Rhc3 Nxg6 32.Rxc5 dxc5 33.Nd3 b6 34.Ke3 Rf8 35.f4 Bd4+ 36.Kf3 Ne5+
37.Nxe5 Bxe5 38.Bf5 Bg7 39.a4 Rb8 40.Bd7 Rd8 41.Be6 Rf8 42.Kg4 Bd4 43.e5 Rd8
44.Kf5 Be3 45.Rc2 a6 46.Bf7 Kg7 47.Ke6 Bxf4 48.Kxe7 Bg5+ 49.Ke6 Rc8 50.d6 b5
51.d7 Rb8 52.Kd6 b4 53.Bb3 h5 54.Rg2 Kh6 55.Rxg5 Kxg5 56.e6 Rb6+ 57.Kc7  1-0

[Event "New York op"]
[Site "New York"]
[Date "1987.??.??"]
[Round "?"]
[White "Granda Zuniga, Julio E"]
[Black "Ftacnik, Lubomir"]
[Result "1/2-1/2"]
[WhiteElo "2555"]
[BlackElo "2540"]

1.Nf3 Nf6 2.d4 g6 3.g3 Bg7 4.Bg2 O-O 5.O-O d5 6.Nbd2 Na6 7.Nb3 c6 8.Ne5 Nd7
9.Nd3 e5 10.Nxe5 Nxe5 11.dxe5 Bxe5 12.c3 Bg4 13.Be3 Re8 14.Re1 Qd7 15.Qd2 h5
16.Nc1 h4 17.Nd3 hxg3 18.hxg3 Bg7 19.Bd4 f6 20.f3 Be6 21.Rad1 Bf7 22.Qc2 Qc7
23.Bf2 Bh6 24.Bh3 Be3 25.Kg2 Kg7 26.Rh1 Qb6 27.Bxe3 Qxe3 28.Nf4 Qe5 29.Rhe1 g5
30.Nd3 Qe3 31.Bf5 Rh8 32.Qd2 Rae8 33.Qxe3 Rxe3 34.Kf2 Ree8 35.Rh1 Nc7 36.Nc5 b6
37.Nb7 Be6 38.Nd6 Rd8 39.Bxe6 Nxe6 40.Nf5+ Kf7 41.Nd4 Nxd4 42.cxd4  1/2-1/2

[Event "New York op"]
[Site "New York"]
[Date "1987.??.??"]
[Round "?"]
[White "Granda Zuniga, Julio E"]
[Black "Barlov, Dragan"]
[Result "0-1"]
[WhiteElo "2555"]
[BlackElo "2495"]

1.d4 c5 2.dxc5 e6 3.Nc3 Bxc5 4.Ne4 d5 5.Nxc5 Qa5+ 6.c3 Qxc5 7.e4 Ne7 8.Be3 Qc7
9.Bd3 O-O 10.Nf3 dxe4 11.Bxe4 h6 12.Qd2 Rd8 13.Bf4 Qb6 14.Qe2 Nbc6 15.O-O Bd7
16.b4 Nd5 17.Bd2 Qc7 18.Rac1 Nf6 19.Bb1 e5 20.Be3 Bg4 21.Qc2 Bxf3 22.gxf3 Ne7
23.Kh1 Qc6 24.Qe2 Ng6 25.Rg1 Nf4 26.Bxf4 exf4 27.b5 Qc5 28.Rg2 Rd5 29.Rcg1 g5
30.h4 Kf8 31.Rh2 Re8 32.Qf1 Qxc3 33.hxg5 Qxf3+ 34.Qg2 Qxg2+ 35.Rhxg2 hxg5
36.Rxg5 Rxg5 37.Rxg5 Re1+ 38.Rg1 Rxg1+ 39.Kxg1 Ke7 40.Kg2 Kd6 41.Kf3 Ke5
42.a4 b6  0-1

[Event "New York op"]
[Site "New York"]
[Date "1987.??.??"]
[Round "?"]
[White "Gheorghiu, Florin"]
[Black "Granda Zuniga, Julio E"]
[Result "1/2-1/2"]
[WhiteElo "2540"]
[BlackElo "2555"]

1.d4 Nf6 2.c4 g6 3.f3 d5 4.cxd5 Nxd5 5.e4 Nb6 6.Nc3 Bg7 7.Be3 O-O 8.f4 Nc6
9.d5 Na5 10.Bd4 e5 11.Bxe5 Bxe5 12.fxe5 Qh4+ 13.g3 Qe7 14.Qd4 Rd8 15.b4 Nac4
16.Nf3 Bg4 17.Bxc4 Bxf3 18.O-O Qxb4 19.e6 fxe6 20.Rxf3 Qxc4 21.Qf6 exd5 22.Qe6+ Kh8
23.Qe5+ Kg8 24.Qe6+ Kh8  1/2-1/2

[Event "New York op"]
[Site "New York"]
[Date "1987.??.??"]
[Round "?"]
[White "Rohde, Michael A"]
[Black "Granda Zuniga, Julio E"]
[Result "1-0"]
[WhiteElo "2530"]
[BlackElo "2555"]

1.e4 c5 2.Nf3 Nc6 3.Bb5 g6 4.O-O Bg7 5.c3 a6 6.Bxc6 dxc6 7.d3 Nf6 8.h3 O-O
9.Qc2 Qc7 10.Be3 b6 11.d4 cxd4 12.cxd4 Bb7 13.Nc3 Rac8 14.Rac1 Rfd8 15.Rfd1 c5
16.dxc5 bxc5 17.Bg5 h6 18.Bh4 Nh5 19.Rxd8+ Rxd8 20.Ne2 g5 21.Bg3 Qc6 22.Nc3 Nxg3
23.fxg3 c4 24.Re1 Rd3 25.Kh2 Qc7 26.Qa4 Bd4 27.Rf1 Kg7 28.Nxd4 Rxd4 29.Qc2 f6
30.Rd1 Qd6 31.Rxd4 Qxd4 32.Qe2 Qd3 33.Qg4 Qd6 34.Qf5 e6 35.Qf2 Kg6 36.Qc2 Qc7
37.Qf2 h5 38.Kg1 Qe5 39.Qe3 a5 40.Kf2 Bc6 41.Kg1 Ba8 42.h4 Bc6 43.hxg5 Qxg5
44.Qb6 Qxg3  1-0

[Event "Rio Hondo"]
[Site "Rio Hondo"]
[Date "1987.??.??"]
[Round "1"]
[White "Szmetan, Jorge"]
[Black "Granda Zuniga, Julio E"]
[Result "1-0"]
[WhiteElo "2390"]
[BlackElo "2525"]

1.Nf3 d5 2.c4 e6 3.b3 Nf6 4.g3 Be7 5.Bg2 O-O 6.O-O d4 7.e3 Nc6 8.Bb2 e5 9.exd4 exd4
10.d3 Bf5 11.Re1 Bb4 12.Re2 Bc5 13.Na3 Nb4 14.Nb5 Nxd3 15.Bxd4 Ne4 16.Qxd3 Nxg3
17.Qe3 Bxd4 18.Nfxd4 Nxe2+ 19.Qxe2 Re8 20.Qf3 Be4 21.Qf4 Bxg2 22.Kxg2 Re7
23.Nf5 Rd7 24.Re1 g6 25.Nh6+ Kg7 26.Ng4 g5 27.Qf5 c6 28.Ne5 Rd2 29.Qxf7+ Kh8
30.Nc7  1-0

[Event "Rio Hondo"]
[Site "Rio Hondo"]
[Date "1987.??.??"]
[Round "5"]
[White "Panno, Oscar"]
[Black "Granda Zuniga, Julio E"]
[Result "1/2-1/2"]
[WhiteElo "2520"]
[BlackElo "2525"]

1.d4 Nf6 2.Nf3 e6 3.c4 d5 4.Nc3 Be7 5.Bg5 O-O 6.e3 Nbd7 7.Qc2 c6 8.Rd1 Qa5
9.cxd5 exd5 10.Bd3 h6 11.Bh4 Re8 12.O-O Nf8 13.h3 b6 14.a3 Ba6 15.Ne5 Bb7
16.Ra1 b5 17.b4 Qb6 18.Rab1 a5 19.a4 axb4 20.axb5 cxb5 21.Na2 Qa5 22.Rb2 Rec8
23.Qb1 g5 24.Bg3 Ne4 25.Bxe4 dxe4 26.Nxb4 f6 27.Ng4 Kg7 28.f4 exf3 29.gxf3 h5
30.Nh2 Qd8 31.h4 Rc3 32.hxg5 fxg5 33.Be5+ Kg8 34.Rb3 Qc8 35.Nd3 Ra3 36.Rxa3 Rxa3
37.Rc1 Qa8 38.e4 Qd8 39.d5 Qb6+ 40.Kh1 Qe3 41.Rc3 Rxc3 42.Bxc3 Bd8 43.Be1 Bc8
44.Qc2 Bg4 45.Qd1 Qxe4 46.Nf2 Bxf3+ 47.Nxf3 Qc4 48.Qd3 Qxd3 49.Nxd3 Nd7 50.Nd4 Kf7
51.Nxb5 Kg6 52.Kg2 h4 53.Nd6 Be7 54.Nc4 Kf5 55.d6 Bd8 56.Ba5 Bxa5 57.Nxa5 Ke4  1/2-1/2

[Event "Rio Hondo"]
[Site "Rio Hondo"]
[Date "1987.??.??"]
[Round "7"]
[White "Garcia Palermo, Carlos"]
[Black "Granda Zuniga, Julio E"]
[Result "1-0"]
[WhiteElo "2520"]
[BlackElo "2525"]

1.d4 Nf6 2.c4 e6 3.Nc3 Bb4 4.e3 O-O 5.Bd3 Bxc3+ 6.bxc3 d6 7.Ne2 e5 8.e4 Re8
9.f3 Nbd7 10.O-O Nf8 11.Be3 b6 12.Qd2 Kh8 13.Ng3 Ne6 14.Nf5 Ng8 15.Rad1 Bb7
16.f4 Nf6 17.fxe5 Ng4 18.exd6 cxd6 19.Bf4  1-0

[Event "Rio Hondo"]
[Site "Rio Hondo"]
[Date "1987.??.??"]
[Round "8"]
[White "Granda Zuniga, Julio E"]
[Black "Rubinetti, Jorge A"]
[Result "1-0"]
[WhiteElo "2525"]
[BlackElo "2410"]

1.d4 Nf6 2.c4 e6 3.Nc3 d5 4.Nf3 Be7 5.Bg5 O-O 6.e3 h6 7.Bh4 b6 8.Qc2 Bb7
9.Rd1 Nbd7 10.Be2 c5 11.O-O Rc8 12.b3 a6 13.Qb2 cxd4 14.Rxd4 dxc4 15.Ne5 Qe8
16.Nxc4 e5 17.Rdd1 Bb4 18.Nd6 Bxc3 19.Qb1 Qe7 20.Nxb7 b5 21.Nd6 Rc7 22.Nf5 Qb4
23.Rd6 e4 24.Rc1 Qc5 25.Bxf6 Nxf6 26.Rxf6 gxf6 27.Qxe4 Kh8 28.Qf4  1-0

[Event "Rio Hondo"]
[Site "Rio Hondo"]
[Date "1987.??.??"]
[Round "10"]
[White "Granda Zuniga, Julio E"]
[Black "Ricardi, Pablo"]
[Result "1/2-1/2"]
[WhiteElo "2525"]
[BlackElo "2445"]

1.d4 Nf6 2.c4 e6 3.Nc3 Bb4 4.e3 c5 5.a3 Bxc3+ 6.bxc3 Nc6 7.Bd3 d6 8.Ne2 b6
9.O-O Qd7 10.Ng3 Ba6 11.e4 O-O-O  1/2-1/2

[Event "Rio Hondo"]
[Site "Rio Hondo"]
[Date "1987.??.??"]
[Round "11"]
[White "Cifuentes Parada, Roberto"]
[Black "Granda Zuniga, Julio E"]
[Result "1/2-1/2"]
[WhiteElo "2490"]
[BlackElo "2525"]

1.d4 Nf6 2.Nf3 e6 3.c4 Bb4+ 4.Bd2 c5 5.Bxb4 cxb4 6.g3 O-O 7.Bg2 d6 8.O-O a5
9.a3 Na6 10.Nbd2 Qc7 11.Qc2 Bd7 12.Rac1 Rac8 13.Qb1 Qb8 14.Ng5 h6 15.Nge4 Ne8
16.Nf3 e5 17.dxe5 dxe5 18.Rfd1 Bf5 19.axb4 Nxb4 20.Nf6+ Nxf6 21.Qxf5 Nc6
22.e3 Rcd8 23.Nd2 Qd6 24.Bf3 g6 25.Qb1 Qb4 26.Qc2 Kg7 27.Ra1 Rd7 28.Ra4 Qe7
29.Ne4 Nb4 30.Rxd7 Nxd7 31.Qc3 f5 32.Nd2 b6 33.Ra1 Kh7 34.Rd1 e4 35.Be2 Ne5
36.Nb3 Ned3 37.Nc1 Nxc1 38.Qxc1 Rd8 39.Rxd8 Qxd8 40.Qc3 Qd6 41.h4 Nd3 42.Kf1 Qb4
43.Qxb4 Nxb4 44.Ke1 Kg7 45.Kd2 Kf6 46.f4 exf3 47.Bxf3 Na6 48.e4 Nc5 49.exf5 gxf5
50.g4 fxg4 51.Bxg4 Ke5 52.Ke3 Na4 53.b3 Nc5 54.Bd1 Ne6 55.Kd3 Nc5+ 56.Ke3 Ne6  1/2-1/2

[Event "Buenos Aires"]
[Site "Buenos Aires"]
[Date "1988.??.??"]
[Round "?"]
[White "Urday, Henry"]
[Black "Granda Zuniga, Julio E"]
[Result "1/2-1/2"]
[WhiteElo "2425"]
[BlackElo "2540"]

1.e4 c5 2.Nf3 e6 3.b3 Nc6 4.Bb2 d6 5.d4 cxd4 6.Nxd4 Nf6 7.Bd3 Be7 8.O-O O-O
9.c4 Bd7 10.Re1 a6 11.Nf3 Ng4 12.Nc3 Qb6 13.Qe2 Rad8 14.Rad1 Be8 15.Bb1 Nge5  1/2-1/2

[Event "Buenos Aires"]
[Site "Buenos Aires"]
[Date "1988.??.??"]
[Round "?"]
[White "Tempone, Marcelo"]
[Black "Granda Zuniga, Julio E"]
[Result "1/2-1/2"]
[WhiteElo "2450"]
[BlackElo "2540"]

1.d4 d5 2.c4 c6 3.Nf3 Nf6 4.cxd5 cxd5 5.Nc3 Nc6 6.Bf4 Bf5 7.e3 e6 8.Ne5 Qb6
9.Bb5 a6 10.Qa4 Rc8 11.Bxc6+ bxc6 12.O-O Be7 13.Rfc1 O-O 14.Qb3 Qa5 15.Qa4 Qb6
16.Qb3 Qa5 17.Qa4 Qb6 18.Qb3 Qa5 19.Qa4 Qb6 20.Qb3 Qa5  1/2-1/2

[Event "Buenos Aires"]
[Site "Buenos Aires"]
[Date "1988.??.??"]
[Round "?"]
[White "Slipak, Sergio"]
[Black "Granda Zuniga, Julio E"]
[Result "0-1"]
[WhiteElo "2395"]
[BlackElo "2540"]

1.Nf3 d5 2.b3 Nf6 3.Bb2 Bf5 4.e3 e6 5.Be2 h6 6.O-O Bd6 7.c4 O-O 8.d4 c6 9.Nbd2 Nbd7
10.Ne5 Qe7 11.Re1 Rfd8 12.Nxd7 Rxd7 13.c5 Bc7 14.b4 Ne4 15.Nf3 f6 16.Bd3 g5
17.Qc2 Qe8 18.Nd2 Qh5 19.Nf1 g4 20.Qe2 Qg6 21.Bxe4 Bxe4 22.Ng3 Bd3 23.Qd2 h5
24.Rad1 Bc4 25.Ne2 Bxa2 26.Nf4 Qf7 27.e4 dxe4 28.Rxe4 e5 29.Nd3 Rad8 30.Ree1 Qg6
31.Nc1 Bf7 32.Qe3 h4 33.Ne2 h3 34.gxh3 exd4 35.Rxd4 Rxd4 36.Bxd4 Re8 37.Qc3 Qe4
38.Bxf6 Bd5 39.f3 Qxf3  0-1

[Event "Buenos Aires"]
[Site "Buenos Aires"]
[Date "1988.??.??"]
[Round "?"]
[White "Ricardi, Pablo"]
[Black "Granda Zuniga, Julio E"]
[Result "1/2-1/2"]
[WhiteElo "2415"]
[BlackElo "2540"]

1.d4 Nf6 2.Nf3 e6 3.c4 d5 4.Nc3 Be7 5.Bg5 Nbd7 6.e3 c6 7.Bd3 O-O 8.O-O a6
9.Qc2 h6 10.Bh4 dxc4 11.Bxc4 b5 12.Be2 Bb7 13.Rfd1 Rc8 14.Ne5 Nxe5 15.Bxf6 Nd7
16.Bxe7 Qxe7 17.Ne4 c5 18.dxc5 Bxe4 19.Qxe4 Nxc5 20.Qb4 Qf6 21.b3  1/2-1/2

[Event "Buenos Aires"]
[Site "Buenos Aires"]
[Date "1988.??.??"]
[Round "?"]
[White "Granda Zuniga, Julio E"]
[Black "Panno, Oscar"]
[Result "1/2-1/2"]
[WhiteElo "2540"]
[BlackElo "2515"]

1.d4 Nf6 2.c4 g6 3.Nc3 Bg7 4.e4 d6 5.f3 c5 6.d5 O-O 7.Be3 e6 8.Qd2 exd5 9.cxd5 Re8
10.a4 Nbd7 11.Nh3 Ne5 12.Nf2 Nh5 13.Be2 f5 14.O-O Nf6 15.exf5 Bxf5 16.g4 Bd7
17.h3 Qe7 18.Bf4 a6 19.Kg2  1/2-1/2

[Event "Buenos Aires"]
[Site "Buenos Aires"]
[Date "1988.??.??"]
[Round "?"]
[White "Granda Zuniga, Julio E"]
[Black "Paglilla, Carlos"]
[Result "1-0"]
[WhiteElo "2540"]
[BlackElo "2315"]

1.d4 Nf6 2.c4 e6 3.Nf3 b6 4.Bg5 h6 5.Bh4 g5 6.Bg3 Ne4 7.Nfd2 Nxg3 8.hxg3 Bg7
9.e3 Bb7 10.Nc3 c5 11.d5 Bxc3 12.bxc3 exd5 13.cxd5 Bxd5 14.e4 Qe7 15.Be2 Be6
16.f4 d5 17.O-O O-O 18.f5 Bc8 19.f6 Qe5 20.exd5 Qxc3 21.Kh2 Nd7 22.Rc1 Qe5
23.Nc4 Qd4 24.Qb3 Nxf6 25.Rcd1 Ng4+ 26.Bxg4 Qxg4 27.Ne5 Qe4 28.Rde1 Qh7 29.Rf6 Bf5
30.Rf1 Bg6 31.Nxg6  1-0

[Event "Buenos Aires"]
[Site "Buenos Aires"]
[Date "1988.??.??"]
[Round "?"]
[White "Granda Zuniga, Julio E"]
[Black "Najdorf, Miguel"]
[Result "1/2-1/2"]
[WhiteElo "2540"]
[BlackElo "2465"]

1.d4 Nf6 2.c4 e6 3.Nf3 b6 4.Nc3 Bb4 5.Bg5 Bb7 6.e3 Bxc3+ 7.bxc3 d6 8.Bd3 Nbd7
9.O-O h6 10.Bh4 g5 11.Bg3 Ne4 12.Nd2 Ndf6 13.Qc2 Nxd2 14.Qxd2 Ne4  1/2-1/2